000 00561na a2200205 4500
001 12589
003 MIRAKIL
005 20181213154732.0
008 160821b tu 000 0
040 _aMilas
_btur
_cTR-AnCHP
082 _a160.9
_bÜ44m 1942
090 _a160.9 Ü44m 1942
100 _aÜlken, Hilmi Ziya
245 _aMantık tarihi
_cHilmi Ziya Ülken
260 _aİstanbul
_bİstanbul Üniversitesi Edebiyat Fakültesi
_c1942
300 _a336 s.
_c24 sm.
504 _aKaynakça ve dizin var
650 _aMantık
_xTarih
942 _2ddc
_cBKS
999 _c84
_d84